The incidence of accidental loadings in buildings 1971-81 (Record no. 86218)
[ view plain ]
| 000 -LEADER | |
|---|---|
| fixed length control field | 00510cam a2200193 4500 |
| 001 - CONTROL NUMBER | |
| control field | D7200 |
| 008 - FIXED-LENGTH DATA ELEMENTS--GENERAL INFORMATION | |
| fixed length control field | 090401t1983 xxu||||| |||| 00| 0 eng d |
| 035 ## - SYSTEM CONTROL NUMBER | |
| System control number | (Sirsi) u5834 |
| 041 ## - LANGUAGE CODE | |
| Language code of text/sound track or separate title | eng |
| 050 ## - LIBRARY OF CONGRESS CALL NUMBER | |
| Classification number | 624.176 |
| 100 ## - MAIN ENTRY--PERSONAL NAME | |
| Personal name | Moore, J. F. A. |
| 245 #4 - TITLE STATEMENT | |
| Title | The incidence of accidental loadings in buildings 1971-81 |
| 260 ## - PUBLICATION, DISTRIBUTION, ETC. | |
| Place of publication, distribution, etc. | Garston, Watford |
| Name of publisher, distributor, etc. | Building Research Establishment |
| Date of publication, distribution, etc. | 1983 |
| 300 ## - PHYSICAL DESCRIPTION | |
| Extent | 4p. 30cm |
| 350 ## - PRICE (NR) (BK AM CF MU VM SE) [OBSOLETE] | |
| Price | 0 |
| 490 ## - SERIES STATEMENT | |
| Series statement | BRE Information Paper |
| Volume/sequential designation | 8/83 |
| 942 ## - ADDED ENTRY ELEMENTS (KOHA) | |
| Suppress in OPAC | 0 |
| 948 ## - LOCAL PROCESSING INFORMATION (OCLC); SERIES PART DESIGNATOR (RLIN) | |
| c (OCLC) | 04/03/1997 |
| Withdrawn status | Lost status | Source of classification or shelving scheme | Damaged status | Not for loan | Home library | Current library | Shelving location | Date acquired | Total Checkouts | Full call number | Barcode | Date last seen | Copy number | Price effective from | Koha item type |
|---|---|---|---|---|---|---|---|---|---|---|---|---|---|---|---|
| Other/Generic Classification Scheme | London | London | Boxed set | 16/08/1991 | BOXED SET | 30010486 | 06/08/2019 | 1 | 06/08/2019 | Book | |||||
| Other/Generic Classification Scheme | London | London | Boxed set | 14/09/1999 | BOXED SET | 30010490 | 06/08/2019 | 2 | 06/08/2019 | Book |